[Event "FIN-chT2 Gp2 1718"]
[Site "Finland"]
[Date "2017.10.22"]
[Round "3.4"]
[White "Kivinen, Jyrki"]
[Black "Hakkinen, Henrik"]
[Result "1-0"]
[WhiteElo "1904"]
[BlackElo "1651"]
[PlyCount "67"]
[EventDate "2017.09.16"]
[EventType "team-tourn"]
[EventRounds "7"]
[EventCountry "FIN"]
[SourceTitle "EXT 2020"]
[Source "ChessBase"]
[SourceDate "2019.10.17"]
[SourceVersion "1"]
[SourceVersionDate "2019.10.17"]
[SourceQuality "1"]
[WhiteTeam "Helsinki LauttSK II"]
[BlackTeam "Vihti"]
[WhiteTeamCountry "FIN"]
[BlackTeamCountry "FIN"]

1. e4 g6 2. d4 Bg7 3. c4 d6 4. Nc3 Nf6 5. f3 0-0 6. Be3 e5 7. Nge2 exd4 8. Nxd4 Bd7 9. Qd2 Nc6 10. 0-0-0 Nxd4 11. Bxd4 Qe8 12. g4 a6 13. g5 Nh5 14. Bxg7 Nxg7 15. Nd5 Qd8 16. h4 Be6 17. Nf6+ Kh8 18. h5 Ne8 19. hxg6 Nxf6 20. gxf6 fxg6 21. Qh6 Rf7 22. e5 Bf5 23. f4 Be4 24. Rh2 Qd7 25. Bh3 Bf5 26. Bg2 Rb8 27. Bd5 Be6 28. Rdh1 Bxd5 29. cxd5 dxe5 30. fxe5 Qxd5 31. Qxh7+ Rxh7 32. Rxh7+ Kg8 33. Rg7+ Kf8 34. Rh8+ 1-0